El Movimiento social por una alternativa al neoliberalismo y la guerra /

Uloženo v:
Podrobná bibliografie
Hlavní autor: Dierckxsens, Wim
Médium: Text
Témata:
Tagy: Přidat tag
Žádné tagy, Buďte první, kdo vytvoří štítek k tomuto záznamu!

MARC

LEADER 00000 a a2200000 04500
001 2378
003
040
100 |a Dierckxsens, Wim  
245 |a El Movimiento social por una alternativa al neoliberalismo y la guerra /  |c Wim Dierckxsens 
650 |a CAPITALISMO  
650 |a ASPECTOS ECONOMICOS  
650 |a ECONOMIA  
650 |a INVERSIONES  
650 |a MERCADO  
650 |a GEOPOLITICA  
650 |a GLOBALIZACION  
650 |a TERRORISMO  
773 |g número 23; páginas 19-29  
999 |c 21760  |d 21760 
773 0 |0 41641  |9 2519  |a Departamento Ecuménico de Investigaciones (DEI)  |d San José, Costa Rica Departamento Ecuménico de Investigaciones (DEI)  |o 20175  |t Pasos /